| 000 | 00480 a2200169 4500 | ||
|---|---|---|---|
| 999 |
_c5234 _d5234 |
||
| 010 | _aENG-86789 | ||
| 020 |
_c85.00 _a8183821227 |
||
| 035 | _aEN-70322 | ||
| 037 | _bDBAD / PUB | ||
| 082 | 0 | 0 | _a929.4 |
| 100 | 1 | _aVijaya Kumar | |
| 245 | 1 | 0 |
_aBaby names for boys / _cby Vijaya Kumar |
| 260 |
_aNew Delhi _bLotus Press _c2007 |
||
| 270 |
_a4263/3, Ansari Road, Daryaganj _bNew Delhi _e110 002 |
||
| 300 |
_a208p _c21 cm. (Pbk) |
||
| 942 |
_adpl _cEN _2ddc _h929.4 _mVIJ |
||